000 00305nam a22001457a 4500
008 211019b ||||| |||| 00| 0 eng d
020 _a0314260455
041 _aeng
080 _22nd
_a341
082 _a341
100 _a16
101 _aJUR
245 _aCriminal Law
_cLaFave,W.R
942 _2udc
_cBK
999 _c58270
_d58270